000 00408nam a22001577a 4500
999 _c11836
_d11836
008 210112b ||||| |||| 00| 0 eng d
082 0 0 _a669
_bR7496
100 _951
_aRollason, E.C.
245 1 0 _aMetallurgy for engineers
_cBy E.C. Rollason
250 _a3rd ed.
260 _aLondon
_bEnglish Language Book Society
_c1962
300 _axxiv,861 p.
365 _d8.10
650 0 _aMetallurgy
942 _cBK